Brand Logos That Start with O - Statistics

General Stats
  • This quiz has been taken 3,350 times
  • The average score is 7 of 20
Answer Stats
Picture Answer % Correct
Oreo
90%
Omega
80%
Opel
59%
Oral B
58%
Oakley
49%
Opera
46%
OneDrive
41%
Olay
34%
Oracle
30%
L'Occitane en Provence
29%
Old El Paso
26%
Old Navy
25%
Obey
24%
Oppo
21%
Osprey
15%
Oxfam
14%
Ovomaltine
12%
O'Neill
9%
Onitsuka Tiger
2%
Olukai
1%
No matching quizzes found
Score Distribution
Percent of People with Each Score
Percentile by Number Answered
Your Score History
You have not taken this quiz